000 00873nam a22002297a 4500
005 20140303164537.0
010 _aB-514919-940
020 _a9788131912744
_c125.00
035 _aB-514919-940
037 _bBBB/Ven.
_adpl
082 _a609
245 _aDiscoveries and Inventions :
_cedited by Anil Kumar Tomar [and] Pallabi B. Tomar; illustrated by Suman S. Roy [and] Tanoy Choudhury
_bInventions and Inventors /
260 _aNew Delhi
_b B. Jain Publishers
_c00??
270 _a1921/10, Chuna Mandi, Paharganj
_bNew Delhi
_e110055
300 _a29p. :
_c26cm(Hb)
_bcol.ill.
490 _aPegasus encyclopedia library
500 _aIncludes index
700 _aTomar, Anil Kumar
700 _aTomar, Pallabi B.
942 _2ddc
_cCH
_mDIS
_h609
999 _c79245
_d79245